|
|
|
|
| LEADER |
01070nam a2200265 a 4500 |
| 001 |
2975692 |
| 008 |
090517s1992 nyua b 001 0 eng d |
| 010 |
|
|
|a \\\92001627
|
| 020 |
|
|
|a 0671791761 :
|c $20.00
|
| 040 |
|
|
|a DLC
|c DLC
|d DLC
|
| 082 |
0 |
0 |
|a 613/.04244
|2 20
|
| 245 |
0 |
4 |
|a The New our bodies, ourselves :
|b a book by and for women /
|c Boston Women's Health Book Collective.
|
| 250 |
|
|
|a Updated and expanded for the 1990s.
|
| 260 |
|
|
|a New York :
|b Simon & Schuster,
|c c1992.
|
| 300 |
|
|
|a 751 p. :
|b ill. ;
|c 28 cm.
|
| 500 |
|
|
|a "A Touchstone book."
|
| 504 |
|
|
|a Includes bibliographical references and index.
|
| 541 |
1 |
|
|e 00011599
|
| 650 |
|
0 |
|a Women
|x Health and hygiene.
|
| 650 |
|
0 |
|a Women
|x Diseases.
|
| 650 |
|
0 |
|a Women
|x Psychology.
|
| 710 |
2 |
|
|a Boston Women's Health Book Collective.
|
| 852 |
4 |
|
|a Ayesha Abed Library
|j Generalshelf
|
| 999 |
|
|
|c 766
|d 766
|
| 952 |
|
|
|0 0
|1 0
|2 ddc
|4 0
|6 613_042440000000000_NEW_1992
|7 0
|8 NFIC
|9 706
|a BRACUL
|b BRACUL
|c GEN
|d 2009-05-17
|g 0.00
|l 0
|o 613.04244 NEW
|p 3010011599
|r 2009-05-17
|t 1
|w 2009-05-17
|y BK
|x No price found in the accession register.
|